| 000 | 01024nam a2200301 i 4500 | ||
|---|---|---|---|
| 001 | 000003054 | ||
| 003 | DO-SdBNP | ||
| 005 | 20240718093732.0 | ||
| 007 | ta | ||
| 008 | 090706s2007 es a r 000 0 spa d | ||
| 020 | _a9974776279 | ||
| 040 |
_aDO-SdBNP _bspa _cBNPHU _erda |
||
| 082 | 4 |
_a463.21 _bD545p _222 |
|
| 245 | 0 | 0 |
_aDiccionario polifuncional : _bEspañol-Inglés/Inglés-Español. |
| 246 | 3 | 4 |
_aDiccionario de Inglés : _binglés-español/español-inglés |
| 264 |
_aEspaña : _bArquetipo Grupo Editorial, _c2007. |
||
| 300 |
_a880 páginas : _bilustraciones; _c27 cm. + _eCD-ROM |
||
| 336 |
_2rdacontent _atexto _btxt |
||
| 337 |
_2rdamedia _asin mediación _bn |
||
| 338 |
_2rdacarrier _avolumen _bnc |
||
| 590 | _aInventariado, 2024/BT | ||
| 650 | 4 |
_aInglés _vDiccionarios _xEspañol _99652 |
|
| 650 | 4 |
_aEspañol _vDiccionarios _xInglés _99653 |
|
| 650 | 4 |
_aInglés _xGramática _93822 |
|
| 650 | 4 |
_aInglés _xDiccionarios políglotas _99654 |
|
| 910 | _aValidado. Control de calidad MMOLINA | ||
| 942 |
_2ddc _cLBS1 |
||
| 999 |
_c2885 _d2885 |
||